000 00497nam a2200181Ia 4500
008 100917s9999 xx 000 0 und d
082 _b34744
100 _aघाटे निरंजन
245 _aवसंुधरा
260 _bअनिरूध्द साहित्य
_c1978
300 _a176
365 _b27
520 _aसृ. प. वि.
630 _aवसंुधरा
650 _aसृ. प. वि.
730 _aवसंुधरा
942 _cBOOK
999 _c640138
_d640135